MCU actors in Batman - Statistics

General Stats
  • This quiz has been taken 70 times
    62 since last reset
  • The average score is 6 of 9
Answer Stats
MCU Batman Answer % Correct
Gorr the God Butcher Bruce Wayne / Batman Christian Bale
98%
Eddie Brock / Venom Bane Tom Hardy
93%
Adrian Toomes / Vulture Bruce Wayne / Batman Michael Keaton
91%
Janet van Dyne Selina Kyle / Catwoman Michelle Pfeiffer
78%
Ulysses Klaue Alfred Pennyworth Andy Serkis
67%
Druig The Joker Barry Keoghan
54%
Chester Phillips Harvey Dent / Two-Face Tommy Lee Jones
54%
Talos & Keller John Daggett Ben Mendelsohn
30%
Kurt Thomas Schiff David Dastmalchian
26%
No matching quizzes found
Score Distribution
Percent of People with Each Score
Percentile by Number Answered
Your Score History
You have not taken this quiz since the last reset